[Event "Vlissingen HZ op 21st"]
[Site "Vlissingen"]
[Date "2017.08.09"]
[Round "6"]
[White "Van Foreest, Jorden"]
[Black "Iturrizaga Bonelli, Eduardo"]
[Result "0-1"]
[WhiteElo "2600"]
[BlackElo "2662"]
[PlyCount "118"]
[EventDate "2017.08.05"]
[EventType "swiss"]
[EventRounds "9"]
[EventCountry "NED"]
[SourceTitle "CBM 179 Extra"]
[Source "ChessBase"]
[SourceDate "2017.08.23"]
[SourceVersion "1"]
[SourceVersionDate "2017.08.23"]
[SourceQuality "1"]

1. e4 c5 2. Nf3 Nc6 3. d4 cxd4 4. Nxd4 Qb6 5. Nb3 Nf6 6. Nc3 e6 7. Bd3 Be7 8.
Be3 Qc7 9. f4 d6 10. Qf3 a6 11. O-O O-O 12. a4 b6 13. g4 Re8 14. g5 Nd7 15. Qg3
Bf8 16. h4 Nb4 17. h5 Nc5 18. Nxc5 bxc5 19. g6 d5 20. gxf7+ Qxf7 21. f5 exf5
22. Nxd5 Nxd5 23. exd5 Qxd5 24. b3 Bd6 25. Bf4 Qd4+ 26. Kh2 Bxf4 27. Qxf4 Qxf4+
28. Rxf4 Re5 29. a5 g5 30. hxg6 hxg6 31. b4 Kg7 32. bxc5 Rxc5 33. Rb4 Ra7 34.
Rb6 Re7 35. Rd6 Ree5 36. Kg3 g5 37. Rb1 Red5 38. Rxd5 Rxd5 39. Rb6 Rxa5 40. Rc6
f4+ 41. Kf2 Bf5 42. Bxf5 Rxf5 43. Rxa6 Rf6 44. Ra5 Kg6 45. Kf3 Kh5 46. c4 Kh4
47. Ra8 g4+ 48. Kf2 Rb6 49. Rh8+ Kg5 50. Rg8+ Kf5 51. Rf8+ Ke4 52. Re8+ Kd4 53.
Rd8+ Kxc4 54. Rf8 Rb2+ 55. Kg1 f3 56. Rf4+ Kd3 57. Rxg4 Ke3 58. Rg8 Rb1+ 59.
Kh2 f2 0-1

[Event "London Classic Superblitz KO"]
[Site "London"]
[Date "2017.12.10"]
[Round "2.2"]
[White "Iturrizaga Bonelli, Eduardo"]
[Black "McShane, Luke J"]
[Result "1-0"]
[WhiteElo "2665"]
[BlackElo "2640"]
[PlyCount "151"]
[EventDate "2017.12.10"]
[EventType "k.o. (blitz)"]
[EventRounds "6"]
[EventCountry "ENG"]
[SourceTitle "CBM 182 Extra"]
[Source "ChessBase"]
[SourceDate "2018.02.23"]
[SourceVersion "1"]
[SourceVersionDate "2018.02.23"]
[SourceQuality "1"]

1. Nf3 Nf6 2. g3 g6 3. d4 Bg7 4. Bg2 O-O 5. O-O d6 6. b3 Bf5 7. Bb2 Qc8 8. Re1
Bh3 9. Bh1 d5 10. c4 c6 11. Nc3 Rd8 12. Rc1 Na6 13. cxd5 Nxd5 14. Ne4 h6 15. a3
Nac7 16. Nc5 Ne6 17. Nd3 Ndc7 18. e3 a5 19. Nfe5 Nf8 20. Qf3 Be6 21. Nc5 Bf6
22. Nxe6 Qxe6 23. Nc4 Qf5 24. Qe2 Qb5 25. Qc2 e6 26. Rcd1 Bg7 27. h4 h5 28. a4
Qa6 29. Bc3 Nd5 30. Bxa5 b6 31. Bd2 b5 32. Nb2 Rdc8 33. Ra1 Nd7 34. Bg2 Bf8 35.
Nd3 bxa4 36. Rxa4 Qb5 37. Rea1 Rab8 38. b4 N7b6 39. Ra5 Qc4 40. Qb1 Nc3 41.
Bxc3 Qxc3 42. R1a3 Qd2 43. Ra2 Qc3 44. R5a3 Qc4 45. Rc2 Qb5 46. Bf1 Qf5 47. Ne5
Nd5 48. Bd3 Rxb4 49. Qxb4 Bxb4 50. Bxf5 Bxa3 51. Be4 Bd6 52. Nxc6 Kg7 53. Bxd5
exd5 54. Nb4 Rxc2 55. Nxc2 f6 56. Kg2 g5 57. hxg5 fxg5 58. Ne1 Kf6 59. Kf3 Kf5
60. Nd3 Be7 61. Ne5 g4+ 62. Ke2 h4 63. gxh4 Bxh4 64. Nd3 Be7 65. Ne5 Bd6 66.
Nd3 Ke4 67. Nc1 Kf5 68. Na2 Bc7 69. Nc3 Ke6 70. Kf1 Ba5 71. Ne2 Bc7 72. Kg2 Bd6
73. Nf4+ Bxf4 74. exf4 Kf6 75. Kg3 Kf5 76. f3 1-0

[Event "London Classic Superblitz KO"]
[Site "London"]
[Date "2017.12.10"]
[Round "2.3"]
[White "Iturrizaga Bonelli, Eduardo"]
[Black "McShane, Luke J"]
[Result "1-0"]
[WhiteElo "2665"]
[BlackElo "2640"]
[PlyCount "65"]
[EventDate "2017.12.10"]
[EventType "k.o. (blitz)"]
[EventRounds "6"]
[EventCountry "ENG"]
[SourceTitle "CBM 182 Extra"]
[Source "ChessBase"]
[SourceDate "2018.02.23"]
[SourceVersion "1"]
[SourceVersionDate "2018.02.23"]
[SourceQuality "1"]

1. Nf3 Nf6 2. g3 g6 3. Bg2 Bg7 4. O-O O-O 5. d4 c5 6. c4 cxd4 7. Nxd4 d5 8. Na3
Nc6 9. cxd5 Nxd5 10. Nxc6 bxc6 11. Nc4 Ba6 12. Nd2 Rb8 13. Nb3 Nb4 14. Bd2 Bc4
15. Re1 Bxb2 16. Rb1 Bg7 17. Nc5 Na6 18. Rxb8 Nxb8 19. Qc2 Nd7 20. Qxc4 Nxc5
21. Be3 Ne6 22. Rb1 c5 23. h4 Qd6 24. Bd5 Nd4 25. Kg2 Nxe2 26. Bxc5 Qc7 27. Rb7
Qc8 28. Bxe7 Re8 29. Qxe2 Bf6 30. Qf3 Bxe7 31. Qxf7+ Kh8 32. Rxe7 Rxe7 33. Qxe7
1-0

[Event "London Classic Superblitz KO"]
[Site "London"]
[Date "2017.12.10"]
[Round "4.2"]
[White "Le Roux, Jean Pierre"]
[Black "Iturrizaga Bonelli, Eduardo"]
[Result "0-1"]
[WhiteElo "2560"]
[BlackElo "2665"]
[PlyCount "80"]
[EventDate "2017.12.10"]
[EventType "k.o. (blitz)"]
[EventRounds "6"]
[EventCountry "ENG"]
[SourceTitle "CBM 182 Extra"]
[Source "ChessBase"]
[SourceDate "2018.02.23"]
[SourceVersion "1"]
[SourceVersionDate "2018.02.23"]
[SourceQuality "1"]

1. d4 c5 2. d5 Nf6 3. Nc3 d6 4. h3 g6 5. Nf3 Bg7 6. e4 O-O 7. Bd3 e6 8. O-O
exd5 9. exd5 Na6 10. a3 Nc7 11. Bc4 Rb8 12. a4 b6 13. Bg5 h6 14. Bh4 g5 15. Bg3
a6 16. Re1 b5 17. axb5 axb5 18. Bf1 b4 19. Na4 Nfxd5 20. Nd2 Nf4 21. Bxf4 gxf4
22. Nc4 d5 23. Ne5 Qd6 24. Nf3 Bd7 25. c3 bxc3 26. Nxc3 Rxb2 27. Rc1 Rb6 28.
Qd2 Rfb8 29. Rcd1 Be6 30. Qc1 Bf5 31. Nh4 Bh7 32. Nf3 Rb3 33. Ne2 Rb1 34. Qd2
Rxd1 35. Rxd1 Rb4 36. Nc3 d4 37. Ne2 Ne6 38. Ne1 c4 39. Nc2 Rb2 40. Qc1 Rxc2
0-1

[Event "London Classic Superblitz KO"]
[Site "London"]
[Date "2017.12.10"]
[Round "6.3"]
[White "Howell, David"]
[Black "Iturrizaga Bonelli, Eduardo"]
[Result "0-1"]
[WhiteElo "2676"]
[BlackElo "2665"]
[PlyCount "72"]
[EventDate "2017.12.10"]
[EventType "k.o. (blitz)"]
[EventRounds "6"]
[EventCountry "ENG"]
[SourceTitle "CBM 182 Extra"]
[Source "ChessBase"]
[SourceDate "2018.02.23"]
[SourceVersion "1"]
[SourceVersionDate "2018.02.23"]
[SourceQuality "1"]

1. g3 c5 2. Bg2 Nc6 3. c4 g6 4. Nc3 Bg7 5. Nf3 d6 6. O-O Bf5 7. b3 Qd7 8. Bb2
e5 9. d3 Nge7 10. e3 h6 11. Qe2 O-O 12. a3 Be6 13. Rac1 f5 14. Nd2 Rab8 15. f4
Kh7 16. Bf3 a6 17. Qg2 b5 18. Ba1 b4 19. Nd5 bxa3 20. Nxe7 Nxe7 21. Bc3 Rfc8
22. Qe2 Qc7 23. Bg2 d5 24. Nf3 e4 25. Ne5 Rxb3 26. Rfd1 exd3 27. Rxd3 dxc4 28.
Rd2 Rd8 29. h4 h5 30. Kh2 Nd5 31. Qxc4 Rxc3 32. Rxc3 Nxf4 33. Qxc5 Qxc5 34.
Rxc5 Rxd2 35. gxf4 a2 36. Ra5 Bd5 0-1

[Event "Dubai op 20th"]
[Site "Dubai"]
[Date "2018.04.05"]
[Round "4"]
[White "Iturrizaga Bonelli, Eduardo"]
[Black "Kryvoruchko, Yuriy"]
[Result "1-0"]
[WhiteElo "2624"]
[BlackElo "2703"]
[PlyCount "81"]
[EventDate "2018.04.02"]
[EventType "swiss"]
[EventRounds "9"]
[EventCountry "UAE"]
[SourceTitle "CBM 183 Extra"]
[Source "ChessBase"]
[SourceDate "2018.04.19"]
[SourceVersion "1"]
[SourceVersionDate "2018.04.19"]
[SourceQuality "1"]

1. Nf3 d5 2. b3 Nf6 3. Bb2 e6 4. e3 c5 5. c4 Nc6 6. cxd5 exd5 7. Be2 d4 8. Bb5
Bd6 9. h3 O-O 10. O-O Bf5 11. Bxc6 bxc6 12. exd4 cxd4 13. Nxd4 Bd3 14. Re1 Bc5
15. Nxc6 Qb6 16. Qf3 Be4 17. Rxe4 Nxe4 18. Qxe4 Rae8 19. Ne5 Bxf2+ 20. Kh1 Bg3
21. d4 f6 22. Qd5+ Qe6 23. Qxe6+ Rxe6 24. Nf3 Re2 25. Nbd2 Rc8 26. Rc1 Rxc1+
27. Bxc1 Bf4 28. d5 Kf7 29. a4 g5 30. Kg1 Be3+ 31. Kf1 Rf2+ 32. Ke1 Rxg2 33.
Ba3 Rg3 34. Ke2 Bxd2 35. Nxd2 Rxh3 36. Bc5 a6 37. b4 Ra3 38. b5 Rxa4 39. b6 Ra5
40. b7 Rb5 41. Nc4 1-0

[Event "Dubai op 20th"]
[Site "Dubai"]
[Date "2018.04.09"]
[Round "8"]
[White "Ganguly, Surya Shekhar"]
[Black "Iturrizaga Bonelli, Eduardo"]
[Result "0-1"]
[WhiteElo "2642"]
[BlackElo "2624"]
[PlyCount "78"]
[EventDate "2018.04.02"]
[EventType "swiss"]
[EventRounds "9"]
[EventCountry "UAE"]
[SourceTitle "CBM 183 Extra"]
[Source "ChessBase"]
[SourceDate "2018.04.19"]
[SourceVersion "1"]
[SourceVersionDate "2018.04.19"]
[SourceQuality "1"]

1. e4 c6 2. Nc3 d5 3. Nf3 Bg4 4. h3 Bxf3 5. Qxf3 e6 6. Be2 g6 7. d4 Bg7 8. Be3
Nf6 9. O-O O-O 10. Rfd1 Nxe4 11. Nxe4 dxe4 12. Qxe4 Nd7 13. c4 Re8 14. Rac1 Qe7
15. g3 Rad8 16. h4 h5 17. Qc2 Nf6 18. Bf3 Rd7 19. Qe2 Red8 20. Rd2 Qf8 21. Rcd1
Bh6 22. Bxh6 Qxh6 23. Qe5 Qg7 24. Qg5 Ne8 25. d5 exd5 26. cxd5 Qf6 27. Qe3 c5
28. d6 Ng7 29. Bg2 b6 30. Qa3 a5 31. Qb3 Rxd6 32. Rxd6 Rxd6 33. Rxd6 Qxd6 34.
Bd5 Qf6 35. Qb5 Nf5 36. Qd7 Kg7 37. Qc7 Nh6 38. Kg2 Qxb2 39. a4 Qd4 0-1

[Event "Corsica Masters KO 22nd"]
[Site "Bastia"]
[Date "2018.10.21"]
[Round "1.3"]
[White "Iturrizaga Bonelli, Eduardo"]
[Black "Dreev, Alexey"]
[Result "1-0"]
[WhiteElo "2636"]
[BlackElo "2649"]
[PlyCount "103"]
[EventDate "2018.10.21"]
[EventType "k.o. (rapid)"]
[EventRounds "4"]
[EventCountry "FRA"]
[SourceTitle "CBM 186 Extra"]
[Source "ChessBase"]
[SourceDate "2018.08.24"]
[SourceVersion "1"]
[SourceVersionDate "2018.08.24"]
[SourceQuality "1"]

1. c4 c6 2. Nf3 d5 3. b3 Bg4 4. Bb2 Nd7 5. e3 e6 6. h3 Bh5 7. Nc3 Ngf6 8. d4
Bd6 9. g4 Bg6 10. Bg2 Ne4 11. Nd2 Nxc3 12. Bxc3 Qe7 13. c5 Bc7 14. f4 Qh4+ 15.
Kf1 O-O 16. Nf3 Qe7 17. Kg1 f6 18. Qe2 Be4 19. Nd2 Bxg2 20. Kxg2 e5 21. Qf2
Rae8 22. Rae1 exd4 23. exd4 Qf7 24. f5 Rxe1 25. Rxe1 Re8 26. b4 Re7 27. a4 a6
28. b5 axb5 29. axb5 cxb5 30. Rxe7 Qxe7 31. Qf3 Qf7 32. Qe2 Bf4 33. Nf3 Nb8 34.
Qxb5 Nc6 35. Qb3 h5 36. gxh5 Kh7 37. Be1 Qd7 38. Qd3 Qe8 39. Bd2 Bxd2 40. Qxd2
Qe4 41. h6 gxh6 42. Qb2 Kg8 43. Qxb7 Nxd4 44. Qb8+ Kh7 45. Qc7+ Kh8 46. Qd8+
Kg7 47. Qc7+ Kh8 48. Qg3 Nxf3 49. Qxf3 Qc2+ 50. Qf2 Qe4+ 51. Kg3 d4 52. Qf4 1-0

[Event "Buenos Aires Szmetan Giardelli"]
[Site "Buenos Aires"]
[Date "2018.12.11"]
[Round "8"]
[White "Iturrizaga Bonelli, Eduardo"]
[Black "Granda Zuniga, Julio E"]
[Result "1-0"]
[WhiteElo "2628"]
[BlackElo "2650"]
[PlyCount "98"]
[EventDate "2018.12.04"]
[EventType "tourn"]
[EventRounds "11"]
[EventCountry "ARG"]
[EventCategory "13"]
[SourceTitle "CBM 187 Extra"]
[Source "ChessBase"]
[SourceDate "2018.11.04"]
[SourceVersion "1"]
[SourceVersionDate "2018.11.04"]
[SourceQuality "1"]

1. c4 e5 2. g3 Nf6 3. Bg2 d5 4. cxd5 Nxd5 5. Nf3 Nc6 6. O-O Nb6 7. b3 g6 8. Bb2
Bg7 9. d3 O-O 10. Nc3 Re8 11. Rc1 Nd4 12. Nd2 c6 13. e3 Nf5 14. Qe2 Nd6 15.
Rfd1 f5 16. Nc4 Nf7 17. e4 Nd7 18. b4 Nf8 19. exf5 gxf5 20. b5 c5 21. Na4 Ne6
22. Ne3 Nd4 23. Qh5 f4 24. Bxd4 exd4 25. Nc4 Ne5 26. Nd6 Bg4 27. Qxe8+ Qxe8 28.
Nxe8 Rxe8 29. Nxc5 Bxd1 30. Bd5+ Kh8 31. Rxd1 b6 32. Ne6 f3 33. Ng5 Rf8 34. Be4
h6 35. Ne6 Re8 36. Nxd4 Nxd3 37. Bc6 Re1+ 38. Rxe1 Nxe1 39. Nxf3 Nxf3+ 40. Bxf3
Bd4 41. Kg2 Kg7 42. Be4 Kf6 43. f4 Bc3 44. Kf3 Bb4 45. Bc6 Bc3 46. Bd7 Bb4 47.
Ke2 Kf7 48. g4 Be7 49. Kf3 Bh4 1-0

[Event "Bhubaneswar op 12th"]
[Site "Bhubaneswar"]
[Date "2019.06.05"]
[Round "8"]
[White "Iturrizaga Bonelli, Eduardo"]
[Black "Amonatov, Farrukh"]
[Result "1-0"]
[WhiteElo "2637"]
[BlackElo "2624"]
[PlyCount "155"]
[EventDate "2019.05.31"]
[EventType "swiss"]
[EventRounds "10"]
[EventCountry "IND"]
[SourceTitle "CBM 190 Extra"]
[Source "ChessBase"]
[SourceDate "2019.07.15"]
[SourceVersion "1"]
[SourceVersionDate "2019.07.15"]
[SourceQuality "1"]

1. c4 Nf6 2. Nc3 g6 3. e4 d6 4. d4 Bg7 5. h3 O-O 6. Be3 e5 7. d5 a5 8. g4 Na6
9. Nge2 Nd7 10. h4 Ndc5 11. Ng3 c6 12. Be2 cxd5 13. cxd5 Bd7 14. h5 a4 15. Qd2
Rb8 16. Kf1 b5 17. Kg2 b4 18. Nd1 Nc7 19. Bh6 Bf6 20. f3 Bb5 21. Nf2 Bxe2 22.
Nxe2 b3 23. a3 Nb5 24. Rh2 Nd7 25. Rc1 Re8 26. Be3 Rc8 27. Rhh1 Rxc1 28. Rxc1
Nd4 29. hxg6 fxg6 30. Nxd4 exd4 31. Bxd4 Rf8 32. Be3 Bg7 33. g5 Qe7 34. f4 h6
35. gxh6 Bxh6 36. Rc7 Qd8 37. Ra7 Nf6 38. f5 Bxe3 39. Qxe3 Rf7 40. fxg6 Rg7 41.
Rxg7+ Kxg7 42. Qa7+ Kxg6 43. Qxa4 Qb6 44. Qb4 Qe3 45. Qxd6 Qd2 46. e5 Qxd5+ 47.
Kf1 Qxd6 48. exd6 Kf5 49. Ke2 Ke6 50. Kd3 Kd5 51. Kc3 Kxd6 52. Kxb3 Kc5 53. Kc3
Nd5+ 54. Kd3 Nf4+ 55. Ke4 Ne2 56. Ke3 Nd4 57. Kd3 Nc6 58. Kc3 Kb5 59. Nd3 Ne7
60. Kb3 Nd5 61. a4+ Ka5 62. Ka3 Ne3 63. b4+ Kb6 64. Kb3 Kc6 65. Nb2 Nd5 66. Nd1
Nf4 67. Kc4 Ng6 68. b5+ Kd6 69. Nb2 Ne5+ 70. Kb4 Nd7 71. Nc4+ Kc7 72. a5 Kb7
73. a6+ Kc7 74. Ka5 Nc5 75. b6+ Kb8 76. Ne5 Ka8 77. Kb5 Nd7 78. b7+ 1-0

[Event "Goa op 2nd"]
[Site "Taleigao"]
[Date "2019.06.23"]
[Round "8"]
[White "Ter Sahakyan, Samvel"]
[Black "Iturrizaga Bonelli, Eduardo"]
[Result "0-1"]
[WhiteElo "2611"]
[BlackElo "2637"]
[PlyCount "120"]
[EventDate "2019.06.18"]
[EventType "swiss"]
[EventRounds "10"]
[EventCountry "IND"]
[SourceTitle "CBM 191 Extra"]
[Source "ChessBase"]
[SourceDate "2019.09.30"]
[SourceVersion "1"]
[SourceVersionDate "2019.09.30"]
[SourceQuality "1"]

1. e4 c5 2. Nf3 e6 3. d4 cxd4 4. Nxd4 a6 5. c4 Nf6 6. Nc3 Bb4 7. Qd3 O-O 8. Be2
d6 9. O-O Nbd7 10. Nb3 Ne5 11. Qd4 Nc6 12. Qe3 Qc7 13. Rd1 b6 14. Bd2 Bb7 15.
Rac1 Bc5 16. Qg3 Kh8 17. Bg5 Ne5 18. Nxc5 bxc5 19. f4 Nc6 20. Bd3 Nd4 21. Re1
Ng8 22. f5 Rfe8 23. Bf4 e5 24. Bd2 a5 25. Re3 g6 26. Rf1 gxf5 27. exf5 f6 28.
Qh4 Re7 29. Be4 Rg7 30. Nd5 Qd8 31. Rh3 a4 32. Rf2 Rb8 33. Bc3 Ba6 34. Ne3 Qf8
35. g4 Bb7 36. Bxb7 Rbxb7 37. Rg3 Rbf7 38. Nd5 Ne7 39. Nxe7 Qxe7 40. Bd2 e4 41.
Kg2 Nf3 42. Qh6 Ne5 43. g5 Nxc4 44. gxf6 Rxg3+ 45. hxg3 Qb7 46. Kh2 Qxb2 47.
Qh5 Qb7 48. Bh6 Ne5 49. Bg7+ Kg8 50. Qg5 Rxg7 51. fxg7 e3 52. Qd8+ Kxg7 53.
Qg5+ Kf8 54. Qh6+ Kg8 55. Qg5+ Qg7 56. Qd8+ Qf8 57. Qxf8+ Kxf8 58. Re2 d5 59.
g4 d4 60. Kg3 d3 0-1

[Event "Chess24 Banter Blitz Cup"]
[Site "chess24.com INT"]
[Date "2020.01.04"]
[Round "2.1"]
[White "Nyzhnyk, Illya"]
[Black "Iturrizaga Bonelli, Eduardo"]
[Result "0-1"]
[WhiteElo "2665"]
[BlackElo "2629"]
[PlyCount "138"]
[EventDate "2019.09.25"]
[EventType "k.o. (blitz)"]
[EventRounds "7"]
[EventCountry "USA"]
[SourceTitle "CBM 194 Extra"]
[Source "ChessBase"]
[SourceDate "2020.03.31"]
[SourceVersion "1"]
[SourceVersionDate "2020.03.31"]
[SourceQuality "1"]

1. Nf3 c5 2. g3 g6 3. Bg2 Bg7 4. O-O Nc6 5. c3 Nf6 6. d4 cxd4 7. cxd4 O-O 8. d5
Nb4 9. Nc3 d6 10. a3 Na6 11. Nd4 Bd7 12. e4 Rc8 13. h3 Rc4 14. Be3 Qc8 15. Kh2
Nc5 16. Qe2 Rxc3 17. bxc3 Ncxe4 18. c4 a6 19. Qc2 Nc5 20. Rab1 Re8 21. Rfe1 Ba4
22. Qd2 Nfd7 23. f4 Nf6 24. Bf2 Bd7 25. Nb3 Na4 26. Na5 b5 27. Rec1 Nc5 28.
cxb5 axb5 29. Nc6 Bxc6 30. Bxc5 dxc5 31. dxc6 c4 32. Rxb5 Rd8 33. Qe2 c3 34.
Rxc3 Ng4+ 35. Qxg4 Bxc3 36. Qxc8 Rxc8 37. Rb7 Kf8 38. c7 Kg7 39. a4 Ba5 40. Rb5
Bxc7 41. Rc5 e5 42. fxe5 Re8 43. Rxc7 Rxe5 44. Ra7 Re2 45. a5 Ra2 46. a6 h5 47.
Ra8 f5 48. h4 g5 49. hxg5 h4 50. gxh4 f4 51. Kh3 Ra3+ 52. Kg4 Rg3+ 53. Kxf4
Rxg2 54. a7 Rf2+ 55. Ke5 Re2+ 56. Kf4 Rd2 57. Kg3 Ra2 58. h5 Ra3+ 59. Kf4 Ra4+
60. Ke5 Ra5+ 61. Kd6 Ra6+ 62. Kc7 Ra5 63. Kb7 Rxg5 64. Ka6 Kh7 65. Kb7 Rg7+ 66.
Ka6 Rg1 67. Kb5 Ra1 68. Kc6 Rb1 69. Kd5 Rc1 0-1

[Event "Chess24 Banter Blitz Cup"]
[Site "chess24.com INT"]
[Date "2020.01.04"]
[Round "2.2"]
[White "Iturrizaga Bonelli, Eduardo"]
[Black "Nyzhnyk, Illya"]
[Result "1-0"]
[WhiteElo "2629"]
[BlackElo "2665"]
[PlyCount "29"]
[EventDate "2019.09.25"]
[EventType "k.o. (blitz)"]
[EventRounds "7"]
[EventCountry "USA"]
[SourceTitle "CBM 194 Extra"]
[Source "ChessBase"]
[SourceDate "2020.03.31"]
[SourceVersion "1"]
[SourceVersionDate "2020.03.31"]
[SourceQuality "1"]

1. Nf3 Nf6 2. c4 g6 3. g3 Bg7 4. Bg2 O-O 5. O-O c6 6. Nc3 d5 7. cxd5 cxd5 8. d4
Nc6 9. Bf4 Ne4 10. Rc1 Nxc3 11. bxc3 Na5 12. Nd2 Bf5 13. c4 e6 14. cxd5 exd5
15. Bc7 1-0

[Event "Chess24 Banter Blitz Cup"]
[Site "chess24.com INT"]
[Date "2020.01.04"]
[Round "2.3"]
[White "Nyzhnyk, Illya"]
[Black "Iturrizaga Bonelli, Eduardo"]
[Result "0-1"]
[WhiteElo "2665"]
[BlackElo "2629"]
[PlyCount "58"]
[EventDate "2019.09.25"]
[EventType "k.o. (blitz)"]
[EventRounds "7"]
[EventCountry "USA"]
[SourceTitle "CBM 194 Extra"]
[Source "ChessBase"]
[SourceDate "2020.03.31"]
[SourceVersion "1"]
[SourceVersionDate "2020.03.31"]
[SourceQuality "1"]

1. Nf3 Nf6 2. d4 b6 3. c4 Bb7 4. Nc3 e6 5. Bg5 Bb4 6. e3 h6 7. Bh4 Nc6 8. Qc2
Ne7 9. Bd3 c5 10. a3 Ba5 11. e4 cxd4 12. Nxd4 Ng6 13. Bg3 Bxc3+ 14. bxc3 O-O
15. e5 Nh5 16. Bxg6 fxg6 17. Qxg6 Nf4 18. Bxf4 Rxf4 19. O-O Qc7 20. Rad1 Qxe5
21. Nb5 Bc6 22. Nd6 Raf8 23. Qg3 h5 24. h3 h4 25. Qg6 R8f6 26. Qe8+ Kh7 27. f3
Bxf3 28. gxf3 Rxf3 29. Rf2 Rxf2 0-1

[Event "Chess24 Banter Blitz Cup"]
[Site "chess24.com INT"]
[Date "2020.01.04"]
[Round "2.6"]
[White "Iturrizaga Bonelli, Eduardo"]
[Black "Nyzhnyk, Illya"]
[Result "1-0"]
[WhiteElo "2629"]
[BlackElo "2665"]
[PlyCount "49"]
[EventDate "2019.09.25"]
[EventType "k.o. (blitz)"]
[EventRounds "7"]
[EventCountry "USA"]
[SourceTitle "CBM 194 Extra"]
[Source "ChessBase"]
[SourceDate "2020.03.31"]
[SourceVersion "1"]
[SourceVersionDate "2020.03.31"]
[SourceQuality "1"]

1. c4 e6 2. g3 d5 3. Bg2 Nf6 4. Nf3 dxc4 5. O-O a6 6. a4 Nc6 7. Qc2 Na5 8. Na3
Bxa3 9. bxa3 O-O 10. Bb2 b5 11. Bc3 Nb3 12. Rab1 Bb7 13. d3 bxa4 14. Bxf6 cxd3
15. Qxb3 axb3 16. Bxd8 Rfxd8 17. Rxb3 dxe2 18. Re1 Bd5 19. Rc3 Rab8 20. Rxe2
Rb1+ 21. Re1 Rdb8 22. Rcc1 R1b3 23. Nd4 Rxa3 24. Bxd5 exd5 25. Nc6 1-0

[Event "Chess24 Banter Blitz Cup"]
[Site "chess24.com INT"]
[Date "2020.01.04"]
[Round "2.8"]
[White "Iturrizaga Bonelli, Eduardo"]
[Black "Nyzhnyk, Illya"]
[Result "1-0"]
[WhiteElo "2629"]
[BlackElo "2665"]
[PlyCount "201"]
[EventDate "2019.09.25"]
[EventType "k.o. (blitz)"]
[EventRounds "7"]
[EventCountry "USA"]
[SourceTitle "CBM 194 Extra"]
[Source "ChessBase"]
[SourceDate "2020.03.31"]
[SourceVersion "1"]
[SourceVersionDate "2020.03.31"]
[SourceQuality "1"]

1. c4 e5 2. g3 Nf6 3. Bg2 c6 4. Nf3 e4 5. Nd4 Qb6 6. e3 d5 7. cxd5 cxd5 8. O-O
Nc6 9. Nxc6 bxc6 10. d3 Ba6 11. dxe4 Bxf1 12. Qxf1 Nxe4 13. Bxe4 dxe4 14. Qc4
Qc5 15. Qxe4+ Be7 16. Bd2 O-O 17. Bc3 Rfd8 18. Nd2 Bf8 19. Nb3 Qd5 20. Qg4 a5
21. Nd4 a4 22. Nf5 g6 23. e4 Qe6 24. Qg5 Rd7 25. a3 f6 26. Qg4 Re8 27. h3 Kf7
28. Ne3 Qxg4 29. Nxg4 Bg7 30. e5 fxe5 31. Rc1 e4 32. Bxg7 Kxg7 33. Rxc6 Rb8 34.
Rc4 Ra7 35. Rxe4 Rxb2 36. Ne3 Rb3 37. Nc4 Rc7 38. Kg2 Rc3 39. Nd6 Rd7 40. Nb5
Rc5 41. Nd4 Rc3 42. Ne6+ Kf6 43. Nf4 Rxa3 44. Re6+ Kf7 45. Ra6 Ra1 46. h4 a3
47. Ne6 a2 48. Ng5+ Ke7 49. Ne6 Rd2 50. Ng5 Rb1 51. Ra7+ Kd6 52. Ne4+ Kd5 53.
Nxd2 a1=Q 54. Rxa1 Rxa1 55. Nf3 Ra2 56. Ng5 h6 57. Nf7 Ke6 58. Nxh6 Kf6 59.
Ng4+ Kg7 60. Ne3 Ra4 61. Kf3 Ra5 62. g4 Rb5 63. Kg3 Rb6 64. Ng2 Rc6 65. f3 Rc7
66. Nf4 Rc3 67. Nh3 Rc6 68. Ng5 Rd6 69. Ne4 Re6 70. Ng5 Re8 71. h5 Re7 72. hxg6
Kxg6 73. Nh3 Kf6 74. Nf4 Kf7 75. Nh5 Re8 76. Nf4 Ke7 77. Nh3 Kd7 78. Ng5 Re7
79. Ne4 Re8 80. Nf6+ Ke7 81. Nxe8 Kxe8 82. f4 Ke7 83. f5 Kf7 84. Kf4 Kf6 85.
g5+ Kf7 86. Kg4 Kg7 87. Kh5 Kf7 88. f6 Ke6 89. Kh6 Kf7 90. Kh7 Ke6 91. g6 Kf5
92. g7 Kxf6 93. g8=Q Kf5 94. Qg7 Ke6 95. Kg8 Kf5 96. Qf8+ Ke4 97. Qf7 Ke3 98.
Qg7 Ke4 99. Qg6+ Kd4 100. Qg7+ Kd3 101. Qg5 1-0

[Event "Chess24 Banter Blitz Cup"]
[Site "chess24.com INT"]
[Date "2020.01.04"]
[Round "2.10"]
[White "Iturrizaga Bonelli, Eduardo"]
[Black "Nyzhnyk, Illya"]
[Result "1-0"]
[WhiteElo "2629"]
[BlackElo "2665"]
[PlyCount "129"]
[EventDate "2019.09.25"]
[EventType "k.o. (blitz)"]
[EventRounds "7"]
[EventCountry "USA"]
[SourceTitle "CBM 194 Extra"]
[Source "ChessBase"]
[SourceDate "2020.03.31"]
[SourceVersion "1"]
[SourceVersionDate "2020.03.31"]
[SourceQuality "1"]

1. c4 e6 2. Nf3 d5 3. b3 Nf6 4. Bb2 c5 5. g3 d4 6. Bg2 Nc6 7. O-O Bd6 8. e3 e5
9. exd4 cxd4 10. d3 O-O 11. a3 a5 12. Re1 Nd7 13. Nbd2 Nc5 14. Ne4 Nxe4 15.
Rxe4 f6 16. Re1 Qb6 17. Qc2 Be6 18. Nd2 Rfe8 19. h3 Rad8 20. Re2 Bf7 21. Rae1
Qa6 22. Ne4 Bf8 23. Kh2 b5 24. cxb5 Qxb5 25. Nxf6+ gxf6 26. Bxc6 Qb6 27. Bxe8
Rxe8 28. f4 Bxb3 29. Qb1 Rb8 30. fxe5 fxe5 31. Rxe5 Bg7 32. Re8+ Rxe8 33. Rxe8+
Kf7 34. Re2 Bd5 35. Qf1+ Kg6 36. Qf4 h5 37. Rf2 Qe6 38. Bxd4 Bxd4 39. Qxd4 Bc6
40. g4 h4 41. Qf4 Qe7 42. g5 Qxg5 43. Qxg5+ Kxg5 44. Rc2 Bf3 45. Rc5+ Kf4 46.
Rxa5 Ke3 47. Rf5 Bc6 48. Rh5 Kxd3 49. Rxh4 Ke3 50. Rb4 Kd3 51. h4 Kc3 52. h5
Be8 53. h6 Bg6 54. Rb6 Be4 55. a4 Kc4 56. a5 Kc5 57. Rf6 Kb5 58. a6 Kc5 59. a7
Kb5 60. h7 Ba8 61. h8=Q Bd5 62. Qb8+ Kc4 63. Qd6 Be4 64. Rf4 Kc3 65. Rxe4 1-0

[Event "Chess24 Banter Blitz Cup"]
[Site "chess24.com INT"]
[Date "2020.01.04"]
[Round "2.13"]
[White "Nyzhnyk, Illya"]
[Black "Iturrizaga Bonelli, Eduardo"]
[Result "0-1"]
[WhiteElo "2665"]
[BlackElo "2629"]
[PlyCount "68"]
[EventDate "2019.09.25"]
[EventType "k.o. (blitz)"]
[EventRounds "7"]
[EventCountry "USA"]
[SourceTitle "CBM 194 Extra"]
[Source "ChessBase"]
[SourceDate "2020.03.31"]
[SourceVersion "1"]
[SourceVersionDate "2020.03.31"]
[SourceQuality "1"]

1. d4 Nf6 2. Nf3 e6 3. g3 b6 4. Bg2 Bb7 5. O-O g6 6. c4 Bg7 7. Nc3 O-O 8. Qd3
d5 9. cxd5 exd5 10. Rd1 Re8 11. Bf4 Nbd7 12. Rac1 c6 13. h3 Nh5 14. Bg5 Nhf6
15. Nd2 h6 16. Be3 Qe7 17. a3 a5 18. Nf3 Ne4 19. Qc2 Nxg3 20. Re1 Nh5 21. Qd2
Kh7 22. Nd1 f5 23. Nh2 Ndf6 24. f3 Ng3 25. Nf1 Nfh5 26. Nxg3 Nxg3 27. Kf2 Qh4
28. Kg1 Rxe3 29. Nxe3 Bxd4 30. Rcd1 c5 31. Qc1 Re8 32. Rd3 Rxe3 33. Rxe3 Qf4
34. Kf2 Ne4+ 0-1